000 00499nam a2200169Ia 4500
005 20250326125400.0
008 250326s9999 xx 000 0 und d
037 _aTextbook
040 _aFMSL
_beng
_cFMSL
041 _aeng
_2eng
084 _aX8(M7)g K4
_qFMSL
245 0 _aSilk and art silk mills' association limited: directory of members
260 _aBombay
_bBombay, Zarine R J Taraporevala
_c1964
300 _a232p
942 _cTB
_hX8(M7)g K4
999 _c1277799
_d1277799